000 00488nam a2200193 a 4500
001 1762176645223
003 ACL
005 20251103190207.0
008 251103s2008##################000#0#eng##
020 _a9780787987169
082 0 4 _a658.155
_bPHI
100 1 _aPhillips, Patricia Pulliam,
_eauthor.
245 1 0 _aROI Fundamentals :
260 _bJohn Wiley & Sons,
_c2008.
300 _a186 pages
650 0 _aBusiness & Economics.
942 _cENGLISH
040 _aACL
_beng
_cACL
999 _c595421
_d595421